| 000 | 00516nam a2200169 i 4500 | ||
|---|---|---|---|
| 001 | 65061 | ||
| 003 | ES-MaACL | ||
| 005 | 20230906165306.0 | ||
| 007 | t| | ||
| 008 | 040108s1963 sp ||||1| spa d | ||
| 100 | 1 |
_aFranssen, N. V. _952353 |
|
| 245 | 1 | 0 |
_aEstereofonía / _cpor N.V. Franssen ; [traducido por José Mª Fernández Arín]. |
| 260 |
_a[Madrid : _bParaninfo], _c1963. |
||
| 300 |
_a123 p. : _bil. ; _c21 cm. |
||
| 700 | 1 |
_aFernández Arin, José María. _949479 |
|
| 852 |
_aES-MaACL _jC-24620 _bR.52989 |
||
| 999 |
_c65061 _d65061 |
||